Superbowl Coin Toss - Statistics

General Stats
  • This quiz has been taken 6 times
  • The average score is 22 of 131
Answer Stats
Superbowl Answer % Correct
XX Bart Starr
50%
XXXIV Bud Grant
50%
XLV Deion Sanders
50%
XLIV Emmitt Smith
50%
Jerry Rice
50%
XXX Joe Montana
50%
XXVII O.J. Simpson
50%
Rosey Brown
50%
Steve Young
50%
Tomaris Jackson
50%
XL Tom Brady
50%
Alan Page
33%
Barbara Bush
33%
Bob Griese
33%
Cris Carter
33%
XLI Dan Marino
33%
Doug Williams
33%
XXXVIII Earl Campbell
33%
LI | XXXVI George H.W. Bush
33%
LII Hershel W. Williams
33%
XV Marie Lombardi
33%
Roger Staubach
33%
Terry Bradshaw
33%
Tom Landry
33%
Warren Sapp
33%
XXI Willie Davis
33%
Y.A. Tittle
33%
Art Donovan
17%
Bill Parcells
17%
Bobby Bell
17%
XVI Bobby Layne
17%
LVIII Bobby Watson
17%
XXVI Chuck Noll
17%
Craig Walsh
17%
Curley Culp
17%
XLVI Curtis Martin
17%
Dave Robinson
17%
XXXVII Don Shula
17%
Eddie Robinson
17%
Elizabeth Walsh
17%
Frank Gifford
17%
XIII George Halas
17%
George Seifert
17%
XXXI Hank Stram
17%
Jim Parker
17%
Jim Plunkett
17%
XXXII Joe Gibbs
17%
Joe Greene
17%
XLVIII | XXVIII Joe Namath
17%
X John Warner
17%
Kenny Easley
17%
Lamar Hunt
17%
Larry Csonka
17%
Larry Little
17%
Lenny Moore
17%
Mike Ditka
17%
Mike Singletary
17%
XXIII Nick Buoniconti
17%
Norma Hunt
17%
Ollie Matson
17%
Ottis Anderson
17%
Paul Krause
17%
XXV Pete Rozelle
17%
Phil Simms
17%
XXXIII Raymond Berry
17%
XIX Ronald Reagan
17%
XLII Ronnie Lott
17%
Sam Huff
17%
XLIX Tedy Bruschi
17%
VII Tom Bell
17%
Tom Flores
17%
Willie Lanier
17%
Willie Wood
17%
Art Rooney
0%
Art Shell
0%
VIII Ben Dreith
0%
LIII Bernice King
0%
IX Bernie Ulman
0%
LVI Billie Jean King
0%
Bill Vinovich
0%
XVIII Bronko Nagurski
0%
LIV Charles McGee
0%
XLIII David Petraeus
0%
XXII Don Hutson
0%
Don Maynard
0%
XVII Elroy Hirsch
0%
LVII Fabersha Flynt
0%
50 Fred Biletnikoff
0%
XIV Fred Silva
0%
Gale Sayers
0%
Gene Upshaw
0%
Gino Marchetti
0%
Hugh McElhenny
0%
II Jack Vest
0%
Jacob Santana
0%
Jan Stenerud
0%
Jim Langer
0%
VI | XI Jim Tunney
0%
IV John McDonough
0%
Jonathan Ogden
0%
Kellen Winslow
0%
XLVII Larry Allen
0%
Lawrence McCauley
0%
Lee Roy Selmon
0%
XXXV Marcus Allen
0%
XXIV Mel Blount
0%
I | V Norm Schachter
0%
XXIX Otto Graham
0%
Paul Warfield
0%
Ray Nitschke
0%
XII Red Grange
0%
Steve Largent
0%
LV Susie Dorner
0%
XXXIX Tyler Callahan
0%
Tyler Deal
0%
No matching quizzes found
Score Distribution
Percent of People with Each Score
Percentile by Number Answered
Your Score History
You have not taken this quiz